Normal view
MARC view
Entry Topical Term
001 - CONTROL NUMBER
- control field: 264739
003 - CONTROL NUMBER IDENTIFIER
- control field: OSt
005 - DATE AND TIME OF LATEST TRANSACTION
- control field: 20260527143539.0
008 - FIXED-LENGTH DATA ELEMENTS
- fixed length control field: 260527|| aca||aabn | a|a d
040 ## - CATALOGING SOURCE
- Original cataloging agency: OSt
- Transcribing agency: OSt
150 ## - HEADING--TOPICAL TERM
- Topical term or geographic name entry element: Business Studies
670 ## - SOURCE DATA FOUND
- Source citation: Work cat.: (OSt)99641: SANJIVAYYA (B C) ಸಂಜೀವಯ್ಯ (ಬಿ ಸಿ) 264737, Vyapara shastradhyayana. II P U C, 1995